Вып. 62 : Прикладные программы механики сплошных сред; Алгоритмы

Podrobná bibliografie
Parent link:Алгоритмы: [сборник статей]/ Академия наук Узбекской ССР (АН УзССР), Институт кибернетики. Вып. 62 : Прикладные программы механики сплошных сред.— , 1970-1990
Další autoři: Пожаров С. Л. (редактор)
Jazyk:ruština
Vydáno: 1987
Témata:
Médium: MixedMaterials Kniha
KOHA link:https://koha.lib.tpu.ru/cgi-bin/koha/opac-detail.pl?biblionumber=271664

MARC

LEADER 00000nam2a2200000 4500
001 271664
005 20231101234446.0
010 |a 02078678 
035 |a (RuTPU)RU\TPU\book\294866 
035 |a RU\TPU\book\280997 
090 |a 271664 
100 |a 20141010d1987 k y0rusy50 ca 
101 0 |a rus 
102 |a UZ 
105 |a a z 001zy 
200 0 |a Вып. 62 : Прикладные программы механики сплошных сред  |f под ред. С. Л. Пожарова 
210 |d 1987 
215 |a 122 с.  |c ил. 
320 |a Библиогр. в конце ст. 
461 1 |0 (RuTPU)RU\TPU\book\199495  |t Алгоритмы  |o [сборник статей]  |f Академия наук Узбекской ССР (АН УзССР), Институт кибернетики  |v Вып. 62 : Прикладные программы механики сплошных сред  |d 1970-1990 
606 1 |a Алгоритмы, теория  |2 stltpush  |3 (RuTPU)RU\TPU\subj\58912  |9 76596 
606 1 |a Динамика сплошных сред  |2 stltpush  |3 (RuTPU)RU\TPU\subj\9514  |9 36744 
610 1 |a прикладные программы 
610 1 |a механика 
610 1 |a сплошные среды 
610 1 |a многомерные задачи 
610 1 |a решение 
675 |a 510.5  |v 3 
675 |a 531/534  |v 3 
702 1 |a Пожаров  |b С. Л.  |4 340 
801 1 |a RU  |b 63413507  |c 20140423 
801 2 |a RU  |b 63413507  |c 20170213  |g RCR 
942 |c BK